000 01754nam a22003135i 4500
999 _c28199
_d28170
003 EG-ScBUE
005 20200303110557.0
008 200219s2017 ua f b 000 0 ara d
017 _a2016 / 23495
020 _a9789777611831
040 _aEG-ScBUE
_bara
_erda
_cEG-ScBUE
_dEG-ScBUE
082 0 4 _a345.0268
_bم ر ا
_222
100 1 _aمراغي، أحمد عبد اللاه،
_eمؤلف.
_917127
245 1 2 _aالجريمة الإلكترونية ودور القانون الجنائي في الحد منها :
_bدراسة تحليلية تأصيلية مقارنة /
_cالدكتور أحمد عبد اللاه المراغي، عضو هيئة التدريس، قسم القانون الجنائي، كلية الحقوق، جامعة حلوان، حائز على جائزة أفضل الرسائل العلمية لعام 2015 م، حائز على جائزة التفوق في قانون المرافعات لعام 2008 م.
250 _aالطبعة الأولى.
264 1 _aالقاهرة :
_bالمركز القومي للإصدارات القانونية ؛
_aالرياض :
_bمكتبة المعرفة الرقمية،
_c2017.
300 _a193 صفحة ؛
_c24 سم
336 _aنص
_btxt
_2rdacontent
337 _aبدون وسيط
_bn
_2rdamedia
338 _aمجلد
_bnc
_2rdacarrier
504 _aيشتمل على إرجاعات ببليوجرافية.
541 _aBook Fair, 2020
650 7 _aجرائم الحاسبات الإلكترونية
_xقوانين وتشريعات.
_2BUEsh
650 7 _aالإنترنت
_xقوانين وتشريعات.
_2BUEsh
650 7 _aجرائم الحاسبات الإلكترونية (فقه إسلامي)
_2BUEsh
651 _2BUEsh
653 _bLLAAWW
_cMarch2020
942 _2ddc